000 00909nam a22002295i 4500
001 176760
003 ES-MaACL
005 20230906220156.0
008 110208s2007 sp o |||| | spa d
020 _a84-932153-1-7
080 _a929 Nacarino Moreno, Fernando
080 _a343.81(460)"1939/1975"
080 _a94(460)"1936/1939"(093.3)
100 1 _aBrihuega Moreno, Urbano.
_9144994
245 1 0 _aNacarino
_b: (historias de la guerra, de las cárceles, de Alcalá...) /
_cUrbano Brihuega Moreno.
260 _a[s. l. ] :
_bUrbano Brihuega Moreno,
_c2007 (
_e[Alcalá de Henares] :
_fManuel Ballesteros Industrias Gráf.)
300 _a345 p. :
_bfot. bl. y n. ;
_c24 cm.
600 1 4 _aNacarino Moreno, Fernando.
_9145082
650 4 _aEstablecimientos penitenciarios-
_zEspaña-
_y1939-1975.
_912515
651 4 _aEspaña-
_xHistoria-
_y1936-1939, Guerra civil.
_98292
852 _aES-MaACL
_jE-14220
999 _c176760
_d176760